00404nam a2200121 a 4500001000500000005001700005008004100022050002600063100001800089245005000107999001900157952010600176414020140414131934.0090218s19uu xx 00 eng d aREF 591.734bK86 2004 aKratter, Paul aThe Living rain forest :ban animal alphabet. c112377d112377 001040aMUbMUcREFd2009-03-17l0oREF 591.734 K86 2004pM3665r2014-04-14 00:00:00w2014-04-14yBK